Weed control handbook, (Record no. 8130)
[ view plain ]
| 000 -LEADER | |
|---|---|
| fixed length control field | 01209nam a2200361 4500 |
| 001 - CONTROL NUMBER | |
| control field | 2673053 |
| 003 - CONTROL NUMBER IDENTIFIER | |
| control field | 000 |
| 005 - DATE AND TIME OF LATEST TRANSACTION | |
| control field | 20150520114807.0 |
| 007 - PHYSICAL DESCRIPTION FIXED FIELD--GENERAL INFORMATION | |
| fixed length control field | 000 |
| 008 - FIXED-LENGTH DATA ELEMENTS--GENERAL INFORMATION | |
| fixed length control field | 000 |
| 010 ## - LIBRARY OF CONGRESS CONTROL NUMBER | |
| LC control number | 73165527 |
| 015 ## - NATIONAL BIBLIOGRAPHY NUMBER | |
| National bibliography number | GB73-08364 (v. 2) |
| 020 ## - INTERNATIONAL STANDARD BOOK NUMBER | |
| International Standard Book Number | 0632010185 |
| 040 ## - CATALOGING SOURCE | |
| Original cataloging agency | UOEL |
| Transcribing agency | DLC |
| Modifying agency | DLC |
| 043 ## - GEOGRAPHIC AREA CODE | |
| Geographic area code | e-uk--- |
| 050 00 - LIBRARY OF CONGRESS CALL NUMBER | |
| Classification number | SB613.G7 |
| Item number | .W4 1982 |
| 082 00 - DEWEY DECIMAL CLASSIFICATION NUMBER | |
| Classification number | 632/.58 |
| 110 2# - MAIN ENTRY--CORPORATE NAME | |
| Corporate name or jurisdiction name as entry element | British Crop Protection Council. |
| 245 10 - TITLE STATEMENT | |
| Title | Weed control handbook, |
| Statement of responsibility, etc. | issued by the British Crop Protection Council and edited by H.A, Roberts |
| 250 ## - EDITION STATEMENT | |
| Edition statement | 7th ed., |
| Remainder of edition statement | edited by J. D. Fryer and R. J. Makepeace. |
| 260 ## - PUBLICATION, DISTRIBUTION, ETC. (IMPRINT) | |
| Place of publication, distribution, etc. | Oxford, |
| Name of publisher, distributor, etc. | Blackwell Scientific, |
| Date of publication, distribution, etc. | 19 |
| 300 ## - PHYSICAL DESCRIPTION | |
| Extent | xv,533p.: |
| Other physical details | illus. |
| Dimensions | 23 cm. |
| 350 ## - PRICE (NR) (BK AM CF MU VM SE) [OBSOLETE] | |
| Price | £4.50 (v. 2) |
| 500 ## - GENERAL NOTE | |
| General note | Distributed in the U.S.A. by F. A. Davis Co., Philadelphia. |
| 505 1# - FORMATTED CONTENTS NOTE | |
| Formatted contents note | --v. 2. Recommendations, including plant growth regulators. |
| 650 #0 - SUBJECT ADDED ENTRY--TOPICAL TERM | |
| Topical term or geographic name as entry element | Weeds |
| General subdivision | Control |
| -- | Handbooks, manuals, etc. |
| Topical term or geographic name as entry element | Weeds |
| General subdivision | Control |
| Geographic subdivision | Great Britain |
| General subdivision | Handbooks, manuals, etc. |
| Topical term or geographic name as entry element | Herbicides |
| General subdivision | Handbooks, manuals, etc. |
| 700 1# - ADDED ENTRY--PERSONAL NAME | |
| Personal name | Fryer, J. D., |
| Relator term | ed. |
| Personal name | Makepeace, Richard John, |
| Relator term | ed. |
| 906 ## - LOCAL DATA ELEMENT F, LDF (RLIN) | |
| a | 7 |
| b | cbc |
| c | orignew |
| d | 3 |
| e | ncip |
| f | 19 |
| g | y-gencatlg |
| 942 ## - ADDED ENTRY ELEMENTS (KOHA) | |
| Source of classification or shelving scheme | Library of Congress Classification |
| Koha item type | Electronic Gadgets |
| Withdrawn status | Lost status | Source of classification or shelving scheme | Damaged status | Not for loan | Home library | Current library | Shelving location | Date acquired | Total Checkouts | Full call number | Barcode | Date last seen | Date checked out | Copy number | Price effective from | Koha item type |
|---|---|---|---|---|---|---|---|---|---|---|---|---|---|---|---|---|
| Library of Congress Classification | UOE Main Library | UOE Main Library | Open shelf | 20/05/2015 | 1 | SB613.G7 .W4 1982 | 10044833 | 27/04/2026 | 05/05/2017 | 10044833 | 20/05/2015 | Loan - Normal on open shelf | ||||
| Library of Congress Classification | UOE Main Library | UOE Main Library | Open shelf | 20/05/2015 | SB613.G7 .W4 1982 | 20138538 | 27/04/2026 | 20138538 | 20/05/2015 | Loan - Normal on open shelf |
